Física estadística

Bibliographic Details
Main Author: Reif, F.
Format: Section = Libro
Language:Undetermined
Spanish
Published: Barcelona Reverté 1969
Subjects:
LEADER 00407nam a2200169Ia 4500
008 240829s9999 xx 000 0 und d
040 |a BIBLIOTECA-RUPAP 530.13 R361 
041 |a spa 
082 |a 530.13 R361 
100 1 |a Reif, F. 
245 1 0 |a Física estadística 
260 |a Barcelona  |b Reverté  |c 1969 
300 |a 411 p. :il. 
650 7 |a FISICA I. Tít. 
942 |c BK  |2 ddc 
991 |a TEXTO 
999 |c 8417